000 00592nam a22002057a 4500
005 20251108164229.0
008 250721s1983 xx 000 0 ara d
082 1 4 _a618.92/محم
100 1 _aرفعت، محمد
245 1 0 _aالطفل :
_bعناية و تربية /
264 1 _aبيروت :
_bمؤسسة عزالدين للطباعة،
_c1983.
300 _a222ص
490 0 _aموسوعة طبيب العائلة
650 1 7 _aالأطفال
650 1 7 _aالأمراض
650 1 7 _aرعاية الطفولة
650 1 7 _aالصحة
942 _2ddc
_cBK
999 _c6972
_d6972